| 000 | 00000nas##2200000za#4500 |
| 001 | 9.513980 |
| 003 | CaOODSP |
| 005 | 20200421163106 |
| 007 | ta |
| 008 | 150406c2007||||xxc|| p #||||f| |0fre|d |
| 040 | |aCaOODSP|bfre |
| 043 | |an-cn--- |
| 086 | 1 |aNH1-5F |
| 110 | 2 |aSociété canadienne d'hypothèques et de logement. |
| 245 | 10|aSociété canadienne d'hypothèques et de logement, résumé du plan d'entreprise |
| 260 | |aOttawa - Ontario : |bSociété canadienne d'hypothèques et de logement |
| 310 | |aAnnuel |
| 362 | 1 |a[2007-2011]-- |
| 520 | 3 |aPrésentent un aperçu de la SCHL, analysent le milieu de fonctionnement prévu et définissent comment la Société réalisera ses objectifs au cours de la période de planification. |
| 775 | 08|tCanada Mortgage and Housing Corporation, summary of the corporate plan |w(CaOODSP)9.515656 |
| 776 | 0#|tRésumé du plan d'entreprise |w(CaOODSP)9.502294 |